000 00289nam a2200121Ia 4500
008 191201s2005 xx 000 0 und d
100 _aJAIN, Reena
245 0 _aAccounting and finance on computer
260 _aN. delhi
_bAnand Pub
_c2005
300 _a263
650 _aMBA
942 _2ddc
_cBK
999 _c368
_d368